Український романтик Микола Гоголь (Запис № 348068)

МАРК-запис
000 -LEADER
fixed length control field 00733nam a22002537a 4500
001 - CONTROL NUMBER
control field 62065
003 - CONTROL NUMBER IDENTIFIER
control field UA-OsUOA
005 - DATE AND TIME OF LATEST TRANSACTION
control field 20201127153249.0
007 - PHYSICAL DESCRIPTION FIXED FIELD--GENERAL INFORMATION
fixed length control field ta
008 - FIXED-LENGTH DATA ELEMENTS--GENERAL INFORMATION
fixed length control field 20090811b un ||||| |||| 00| 0 ukr d
020 ## - INTERNATIONAL STANDARD BOOK NUMBER
International Standard Book Number 978-966-504-893-3
040 ## - CATALOGING SOURCE
Original cataloging agency UA-OsUOA
Language of cataloging ukr
Transcribing agency UA-OsUOA
Modifying agency UA-OsUOA
041 ## - LANGUAGE CODE
Language code of text/sound track or separate title ukr
080 ## - UNIVERSAL DECIMAL CLASSIFICATION NUMBER
Universal Decimal Classification number 82.09
090 ## - LOCALLY ASSIGNED LC-TYPE CALL NUMBER (OCLC); LOCAL CALL NUMBER (OCLC)
Classification number (OCLC) (R) ; Classification number, CALL (RLIN) (NR) 82.09
Local cutter number (OCLC) ; Book number/undivided call number, CALL (RLIN) Т56
100 ## - MAIN ENTRY--PERSONAL NAME
Personal name Томенко М.
245 ## - TITLE STATEMENT
Title Український романтик Микола Гоголь
260 ## - PUBLICATION, DISTRIBUTION, ETC. (IMPRINT)
Place of publication, distribution, etc К.
Name of publisher, distributor, etc Генеза
Date of publication, distribution, etc 2009
300 ## - PHYSICAL DESCRIPTION
Extent 120 с.
650 #7 - SUBJECT ADDED ENTRY--TOPICAL TERM
Topical term or geographic name as entry element 82 Література. Літературознавство
Source of heading or term UDC
942 ## - ADDED ENTRY ELEMENTS (KOHA)
Koha item type Книги
Source of classification or shelving scheme Universal Decimal Classification
955 ## - COPY-LEVEL INFORMATION (RLIN)
Classification number, CCAL (RLIN) Науково-популярні видання
Фонди
Withdrawn status Lost status Source of classification or shelving scheme Damaged status Not for loan Collection code Home library Current library Date acquired Source of acquisition Cost, normal purchase price Inventory number Total Checkouts Full call number Barcode Date last seen Price effective from Koha item type
    Universal Decimal Classification       АБ - Абонемент НБ АБ - Абонемент НБ 12/10/2011 121/2011 20.00 134544   82.09 Т56 134544 11/02/2022 12/10/2011 Книги
    Universal Decimal Classification     Колекція Пасічника І.Д. ЧЗ - Читальна зала ЧЗ - Читальна зала 11/08/2009 113/2009 20.00 122560   82.09 Т56 122560 07/02/2022 11/08/2009 Книги
    Universal Decimal Classification     Колекція Пасічника І.Д. ЧЗ - Читальна зала ЧЗ - Читальна зала 11/08/2009 113/2009 20.00 122561   82.09 Т56 122561 07/02/2022 11/08/2009 Книги
    Universal Decimal Classification     Колекція Томенка М.В. ЧЗ - Читальна зала ЧЗ - Читальна зала 23/09/2010 78/2010 9.00 129550   82.09(477) Т56 129550 06/02/2022 23/09/2010 Книги
    Universal Decimal Classification     Колекція Пасічника І.Д. ЧЗ - Читальна зала ЧЗ - Читальна зала 14/12/2012 80/2012 9.00 141013   82.09(477) Т56 141013 07/02/2022 23/09/2010 Книги